000 00668nam a22001337a 4500
040 _cRUA
082 _aAGR PEN 2013 B054 Or.1
100 _aPEN, SOVANNARA.
245 _aComparison of chemical and biocin fertilizer on mustard green under sandy loam soil condition ការប្រៀបធៀបជីបាយអូស៊ីននិងជីគីមីទៅលើដំណាំស្ពៃខៀវក្នុងលក្ខខណ្ឌដីល្បាយខ្សាច់
260 _aPhnom Penh
_bRUA
_c2013
300 _ax; 41p.
_bill.
_c29cm.
856 _uhttps://drive.google.com/file/d/1jODLJsMUtm4OoBXBBRAKDMvA6h1wYBQp/view?usp=sharing
942 _cAGR
999 _c1271
_d1271